Statistics for Cities on Islands - Map Quiz

Click here to take the quiz!

General Stats

  • This quiz has been taken 170 times
  • The average score is 21 of 27

Answer Stats

Answer % Correct
Havana
99%
Reykjavik
96%
Tokyo
96%
Jakarta
94%
Manila
94%
London
94%
Copenhagen
94%
Honolulu
92%
Singapore
92%
Taipei
90%
Palermo
85%
Male
85%
Antananarivo
82%
Christchurch
78%
Manama
78%
Sapporo
77%
Hobart
76%
Suva
70%
Port of Spain
70%
Montreal
68%
San Juan
68%
Praia
65%
Nagoya
61%
Victoria
57%
Stanley
44%
Medan
30%
Kodiak
20%

Score Distribution

Percentile by Number Answered

Percent of People with Each Score

Your Score History

You have not taken this quiz